000 00321nam a2200157Ia 4500
100 _aBeiser/Arthur
250 _a4
942 _cBK
654 _aPhysics
245 _aConcepts of Modern Physics
260 _bMcGraw Hill
_aNew York
_c1987
082 _a539
_bBEI
300 _a616
546 _aENGLISH
999 _c24821
_d24821